[Event "EU-ch 1st"]
[Site "Saint Vincent"]
[Date "2000.07.05"]
[Round "3"]
[White "Sax, Gyula"]
[Black "Odeev, Handszar"]
[Result "1/2-1/2"]
[WhiteElo "2563"]
[BlackElo "2442"]
[Annotator "Wells,P"]
[PlyCount "67"]
[EventDate "2000.07.03"]
[EventType "swiss"]
[EventRounds "11"]
[EventCountry "ITA"]
[SourceTitle "CBM 078"]
[Source "ChessBase"]
[SourceDate "2000.10.18"]
[SourceVersion "1"]
[SourceVersionDate "2000.10.18"]
[SourceQuality "1"]

1. e4 c5 2. Nf3 d6 3. d4 cxd4 4. Nxd4 Nf6 5. Nc3 a6 6. f3 Qb6 7. Nb3 e6 8. Qe2
Qc7 9. g4 b5 10. a3 Nc6 11. Bg2 Be7 12. f4 Bb7 13. O-O Nd7 14. Be3 Nb6 15. a4
Nxa4 16. Nxa4 bxa4 17. Rxa4 O-O 18. g5 a5 19. f5 Ba6 20. c4 Rab8 21. Nd2 Rxb2
22. f6 Bd8 23. Qh5 Ne5 24. Rf4 Ng6 25. Rf3 Re8 26. fxg7 Kxg7 $1 {[%mdl 512]
The f8 square is critical to black's defence, and control of it MUST be
recovered. The 'loss' of white's dark squared bishop gives black a handy
superiority on these squares, and again, as mentioned in the text, white's
heavy commitment to the attack ( note the poor co-ordination between his
king-side major pieces and the rook on a4 ) is a further source of
justification and compensation.} (26... e5 27. Rh3 Kxg7 28. Qxh7+ Kf8 29. Rf3
$40) 27. Bd4+ (27. Qh6+ Kg8 28. Rh3 Nf8 29. Bd4 e5 30. Bxb2 Qb6+ 31. Kh1 Qxb2
$44) 27... e5 28. Bxb2 Qb6+ 29. c5 $1 Qxb2 30. Rxf7+ $1 {There is something
pleasingly logical about all this. White has commited all to attack. This has
been weakened, but still a draw can be forced, and MUST BE, since white's
pieces are in no state of readiness to scramble back and defend.} Kxf7 31.
Qxh7+ Kf8 32. Qh6+ Kf7 33. Qh7+ Kf8 34. Qh6+ 1/2-1/2

[Event "EU-Cup 29th"]
[Site "Rhodes"]
[Date "2013.10.25"]
[Round "6.2"]
[White "Topalov, Veselin"]
[Black "Wojtaszek, Radoslaw"]
[Result "0-1"]
[WhiteElo "2771"]
[BlackElo "2698"]
[Annotator "Wojtaszek,R"]
[PlyCount "104"]
[EventDate "2013.10.20"]
[EventType "team-swiss"]
[EventRounds "7"]
[EventCountry "GRE"]
[SourceTitle "CBM 157"]
[Source "ChessBase"]
[SourceDate "2013.11.12"]
[SourceVersion "1"]
[SourceVersionDate "2013.11.12"]
[SourceQuality "1"]
[WhiteTeam "SOCAR"]
[BlackTeam "Novy Bor"]
[WhiteTeamCountry "AZE"]
[BlackTeamCountry "CZE"]

{Before this match, we were one point behing our opponents. We had no pressure
at all, Socar is like the Real Madrid of chess, they have only star players,
so we were expected to lose. We were even joking that David Navara, our
highest rated player, would be their 2nd reserve player :) Anyway, I was
looking forward to this game, it's always nice to play such strong rivals.} 1.
e4 c5 2. Nf3 d6 3. d4 cxd4 4. Nxd4 Nf6 5. Nc3 a6 6. Be3 e5 7. Nb3 Be6 8. f3 h5
{I hestitated before playing this move a little bit because I knew that my
opponent is one of the biggest experts in this line from Black's point of view.
On the other hand I was too curious and decided to see what he prepared.} 9.
Nd5 Bxd5 10. exd5 Nbd7 11. Qd2 Qc7 ({Last year I played} 11... g6 {against
Leko but here I had different idea in mind. The game went} 12. Be2 Bg7 13. O-O
O-O 14. Na5 Rb8 15. c4 e4 {with unlcear play.}) 12. c4 g6 13. O-O-O $5 {
Quite an interesting novelty. White wants to hide his king on the queenside.} (
13. Be2 {followed by 0-0 would be normal but here Black can try} a5 $5 {
which was played by Dominguez against Caruana. Black's idea is to exchange
queens:} 14. Rd1 a4 15. Na1 Qa5 16. Qxa5 Rxa5 {and I think Black has a very
decent position.}) 13... Nb6 $1 {I think it's the best reaction as it forces
the exchange of dark-squared bishops.} (13... Bg7 {would be normal , but I
didn't like the position after} 14. Kb1 O-O 15. Be2 {and didn't really see how
I can proceed.}) 14. Qa5 Bh6 {A typical idea in this line, Black will castle
in an unusal way with Kf8-g7.} 15. Bxh6 Rxh6 16. Kb1 Nfd7 ({During the game I
also considered} 16... O-O-O {but it looked bizarre for me, so I decided to
stick to the normal plan} 17. Rc1 Kb8 18. Bd3 ({computers suggest also} 18. c5
$5 Nbxd5 19. Qa4 {and Black might be in trouble also here}) 18... Rhh8 19. Qd2
h4 20. Rhe1 {with the idea Bf1 and Re3, I didn't like Black's position.}) 17.
Qd2 ({White has nothing after} 17. f4 exf4 $1 18. Qd2 Kf8 $1 19. Qxf4 Kg7 20.
Nd4 Ne5 $13) 17... Rh8 18. Rc1 Na4 $6 {I wanted to prepare a blockade with
a5-Nc5 but we both missed a strong reply for White.} ({I should have started
with} 18... Kf8 $1 19. f4 (19. g3 h4 $1) 19... exf4 20. Qxf4 Na4 {with chances
for both sides.}) 19. Be2 $6 (19. Na5 $1 {and strangely enough, Black is
already in trouble:} Kf8 {would be normal but} 20. c5 $1 {is a very strong
sacrifice} dxc5 $6 (20... Nf6 {would be a less evil} 21. cxd6 Qxd6 22. Nxb7 Qd7
23. Nc5 Nxc5 24. Rxc5 Kg7 {but it's clear that Black has not enough
compensation for the pawn}) 21. d6 Qc8 22. Bc4 $36) 19... a5 20. Na1 $5 {
The knight has nothing to do on b3, so White wants to put it on b5. Now it's
all about manouevring.} Kf8 21. Nc2 Kg7 22. Na3 Nf6 $2 {This just loses an
important tempo.} (22... Qd8 $1 23. Nb5 Qf6 24. Bd1 Nac5 {and compared to the
game I would have an extra tempo.}) 23. Nb5 Qe7 24. Rhe1 Nc5 25. Bd1 Nfd7 26.
b3 Qf6 $6 {Around here I started to drift and lose too much time as I couldn't
findthe right plan.} ({It was time to play actively with} 26... f5 $5 27. Bc2 (
27. g4 $6 hxg4 28. fxg4 f4 29. Qxf4 $4 Nd3 $1 $17) 27... Nf6 28. g3 b6 29. h3
Raf8 {but even here Black's position looks already unpleasant.}) 27. Bc2 h4 28.
Rf1 b6 29. Rce1 $6 {It looked tempting to improve the R's position but it was
time for more active play already:} (29. f4 $1 {and it's difficult to
recommend something for Black, for instance} e4 (29... exf4 30. Rxf4 Qe7 31.
Rcf1 Ne5 32. Nd4 $16 {and Nc6 next}) 30. Rce1 Rae8 31. Re2 {with clear
advantage for White.}) 29... Rae8 $1 30. a3 Re7 31. Qc3 $6 (31. g3 hxg3 32.
hxg3 Ree8 {and the opened h-file favours Black I think}) (31. b4 $1 {was a way
to go} Nb7 32. Nc3 Ree8 33. f4 exf4 34. Rxe8 (34. Ne4 $5 Rxe4 $1 35. Rxe4 g5 {
with some compensation}) 34... Rxe8 35. Rxf4 Re1+ $1 (35... Qe7 36. Ba4 {
and Black is paralysed}) 36. Ka2 Qe5 37. Rxh4 Qe3 38. Qxe3 Rxe3 39. Kb3 {
with clear advantage in the endgame.}) 31... Ree8 32. Kb2 $6 (32. Qd2 {would
be better as it's difficult to see what Black can do.}) 32... Nb7 $1 {I was
very happy to find this idea during the game. At least now I will be able gain
some space on the kingside. Moreover, Black has an easy plan - to develop some
pressure on the kingside.} 33. b4 $5 {Fixing the knight on b7 but it's always
risky to push pawns in front of your king...} Qf4 34. Rh1 Nf6 35. Bb3 Rh5 $5
36. Re2 Rg5 37. Bc2 Rc8 38. Be4 Nh5 39. Rc2 Nf6 $6 {Quite a naive decision. I
was a bit short of time so I was hoping to repeat moves once, but of course
White doesn't have to do that.} (39... f5 $1 40. Bd3 Nf6 {was what I should
have done, with a very comfortable position for Black.}) 40. Qe1 $1 Nd7 $6 {
As it happens quite often, mistakes come in pairs. It was much better to keep
the N on f6.} (40... Kg8) 41. Qf2 $1 Kg8 (41... f5 42. Bd3 e4 43. Qd4+ $1 (43.
fxe4 Qxf2 44. Rxf2 fxe4 {ist good for Black}) 43... Kg8 44. Bf1 $1 {and Black
is stuck with the pinned Q on f4.}) 42. Bd3 {With the idea Nc3-e4.} Rh5 $5 43.
Qe2 $6 {White also waits but there was a chance to free the R from h1.} (43.
Nc3 Qh6 {was my idea during the game.}) (43. g4 $1 hxg3 (43... Rh8 44. Rg1 $1 {
threathening g5} Qf6 45. g5 Qg7 46. Rc3 $14) 44. hxg3 Qh6 45. Rxh5 Qxh5 {
and maybe White is a little bit better but I thought I have some
counter-chances as well.}) 43... Kg7 $132 44. Kb1 Rhh8 {Here I decided to
change my plan and try to use the fact that White is expanded on the queenside.
} 45. Qf2 Ra8 $5 46. Nc3 $4 {After manoeuvring for a long time White finally
makes a final blunder.} (46. Nc7 $2 {It's too late for repeating like this:}
axb4 47. Nxa8 b3 $1 48. Rb2 Rxa8 49. Rxb3 Nbc5 50. Rc3 Qd4 51. Qc2 Na4 $17) (
46. Rb2 $1 {was the way to keep equality:} axb4 47. axb4 Ra4 48. Kc2 $1 Rha8
49. g3 Qf6 {with an unclear position where both sides have chances.}) 46...
axb4 47. axb4 Ra3 48. Kb2 Rha8 $19 {White is already lost, there is no defence
against the piece sacrifice and ...Qd4.} 49. Rd2 Nbc5 $1 50. bxc5 Nxc5 51. Be4
Rb3+ 52. Kc2 Raa3 {And my opponent resigned. Later on we were able to win also
on board 1 and 3 which gave us a sensational win against Socar. Thanks to this
result, the next day we were able to celebrate winning the European Club Cup!}
0-1

[Event "Interzonal-16"]
[Site "Biel"]
[Date "1993.??.??"]
[Round "11"]
[White "Shirov, Alexei"]
[Black "Gelfand, Boris"]
[Result "1/2-1/2"]
[WhiteElo "2685"]
[BlackElo "2670"]
[Annotator "Wolff,P"]
[PlyCount "128"]
[EventDate "1993.07.16"]
[EventType "swiss"]
[EventRounds "13"]
[EventCountry "SUI"]
[SourceTitle "CBM 037"]
[Source "ChessBase"]
[SourceDate "1993.12.01"]
[SourceVersion "1"]
[SourceVersionDate "1993.12.01"]
[SourceQuality "1"]

1. e4 {Shirov,A} c5 2. Nf3 d6 3. d4 cxd4 4. Nxd4 Nf6 5. Nc3 a6 6. Be3 e5 7. Nb3
Be6 8. f4 exf4 9. Bxf4 Nc6 10. Qe2 $5 (10. Qd2 d5 11. exd5 Nxd5 12. Nxd5 Qxd5
13. Qxd5 Bxd5 14. O-O-O O-O-O 15. Be2 (15. g3 Bd6 $1 16. Bxd6 (16. Rxd5 $4
Bxf4+ $19) 16... Rxd6 17. Bc4 Bxh1 18. Rxd6 Ne5 $10 {Malisauskas,V-Dvoirys,S
Biel izt (13) 1993}) 15... g6 {Black needs to protect f5 to block the
sensitive diagonal.} (15... Bd6 $2 16. Bxd6 Rxd6 17. Bf3 $18) 16. Rhg1 Be7 17.
g3 Rhe8 18. Rgf1 f5 19. Bf3 {Yudasin,L-Gelfand,B Biel izt (3) 1993}) 10... a5
11. O-O-O $146 (11. Nb5 Be7 12. N3d4 Nxd4 13. Nxd4 O-O 14. Nxe6 fxe6 15. O-O-O
Qb6 16. g3 a4 $10 {Shirov,A-Gelfand,B/ Paris Immopar/ 1992/}) (11. Nb5 {
Shirov,A}) 11... Bg4 (11... a4 12. Nc5 (12. Nd4 a3 $13) 12... a3 (12... Bg4 13.
Qb5) 13. e5 $1 (13. b3 Qa5) (13. Qb5 axb2+ 14. Kb1 (14. Kxb2 $2 Ra5 $1) 14...
Qc8 $1 $13 (14... Ra5 15. Nxb7 $18) (14... Qa5 15. Nxe6 $18 (15. Qxb7 $4 Bxa2+
16. Kxb2 Qa3+ $19))) 13... axb2+ 14. Kb1 {I can't find a satisfactory response
for Black here.}) 12. Qb5 Bxd1 13. Qxb7 Bg4 (13... Qc8 14. Qxc8+ (14. Ba6 $2
Bg4 $1 $19) 14... Rxc8 15. Ba6 $44 {White will have a P and the light squared
B for the R, and the initiative and weak pawns to attack, to boot.} (15. Kxd1
$16 {Shirov,A})) 14. Bb5 Bd7 15. Bxc6 Rc8 (15... Rb8 $5) (15... Rb8 $2 {
Shirov,A} 16. Bxd7+ Nxd7 17. Qc6 $1 Rc8 18. Qb5 $1 Be7 (18... Rb8 19. Qa4 $1
Rb4 20. Qc6 Rb6 21. Qc4 Rb4 22. Qa6 $16) 19. Rd1 $1 $16 {/\} O-O 20. Bxd6) 16.
Nxa5 $1 Bxc6 17. Nxc6 Qd7 18. Na5 Rxc3 $5 19. bxc3 Qxb7 20. Nxb7 Nxe4 21. Re1 (
21. Kb2 {Shirov,A} Kd7 22. Na5 g5 23. Be3 Be7 $44) 21... d5 22. Nd6+ (22. c4
Bb4 $1 23. Nd6+ (23. Rd1 Ba3+ 24. Kb1 Nc3+) (23. Re2 Ba3+ 24. Kd1 O-O $13)
23... Kd7 24. Nxf7 Rf8 25. Ne5+ Kc8 $19) (22. Bd6 {Shirov,A} f5 $13) (22. Kb2 {
Shirov,A} Kd7 23. Na5 (23. c4 $2 Bb4 24. Rd1 Kc6 25. Rxd5 Bc3+ $19) 23... g5 $1
24. Be5 f6 $44) 22... Bxd6 23. Bxd6 Kd7 24. Bb4 f5 25. a4 Kc6 26. Kb2 g5 (26...
Re8 $1 {Shirov,A} 27. g3 $13 (27. Rd1 $13)) 27. c4 f4 (27... dxc4 28. g4) 28.
Kb3 {Black has some counterplay, but Shirov really should have been able to
win this position. This returns the favor from Munich, when Shirov drew an
absolutely lost position against Gelfand.} Re8 29. cxd5+ Kxd5 30. Rd1+ Kc6 31.
Kc4 (31. a5 $1 {Shirov,A} Re6 (31... Nc5+ 32. Bxc5 Kxc5 33. Rd7 $1 $18) 32. a6
$1 (32. Rd8 g4 33. Rf8 Rf6 34. Rxf6+ Nxf6 35. Kc4 f3 36. gxf3 gxf3 37. Kd3 Ng4
$10) 32... Kb6 33. Ra1 Ka7 (33... Re8 34. Kc4 $18) 34. Kc4 $1 g4 $1 (34... Rc6+
35. Kd5 Rxc2 36. Kxe4 Rc4+ 37. Kf5 Rxb4 38. Kxg5 Rb2 39. Rg1 $18) (34... Rxa6
35. Re1 Nf6 (35... Nd6+ 36. Kd5 Nf5 37. Bc5+ Kb7 38. Re5 Rf6 39. Ke4 $18) 36.
Re7+ Kb8 (36... Kb6 37. h3 $3 {/\ Bc3+-} Kc6 (37... g4 38. Rf7 $18) 38. Re6+
Kb7 39. Rxa6 Kxa6 40. Be7 $1 Ne4 41. Kd5 $1 Nc3+ 42. Ke5 $18) 37. Kb5 Ra2 38.
c4 $1 $40 {/\} Rxg2 39. Rf7 Ne4 40. Kb6 Kc8 41. Kc6 Kb8 42. Ba5 Rb2 43. Bb6 $18
) 35. Kd5 Re8 36. Re1 Nf6+ 37. Kd4 Rxe1 38. Bxe1 f3 $1 $14) 31... Re6 32. a5 (
32. Rd8 {Shirov,A} Nf6 $14) (32. Rd5 {Shirov,A} h6 $1 $14) 32... Nf2 33. Rd8
Ng4 34. Rc8+ Kb7 35. Rg8 Rg6 (35... Ka6 {Shirov,A} 36. Rxg5 Nxh2 37. Rg7 $1)
36. Rh8 Ka6 37. Rxh7 Ne3+ 38. Kb3 Nxg2 39. c4 Rc6 (39... Ne3 $2 {Shirov,A} 40.
Rc7 $1 {/\ Ka4, Bc5+- Gelfand,B}) 40. Bc3 Ne3 41. Bd4 Kxa5 (41... Nxc4 $2 {
Shirov,A} 42. Kb4 $18) 42. Ra7+ Ra6 43. Rg7 Rc6 44. Rxg5+ Ka6 45. Bc5 (45. Rg7
{Shirov,A} Nxc4 46. Kb4 Nb6 $10) 45... Kb7 46. h4 Re6 (46... Rxc5 $4 {Shirov,A}
47. Rxc5 f3 48. Ka4 $1 f2 49. Rb5+ Kc6 50. Rb1 f1=Q 51. Rxf1 Nxf1 52. h5 $18)
47. Bd4 f3 48. Rg7+ Kc6 49. Rf7 Re4 50. Rf6+ Kd7 51. Bxe3 Rxe3+ 52. Kb4 Re4 53.
h5 Rh4 54. Kb5 Rxh5+ 55. c5 Rh2 56. Rf7+ Kc8 57. Kb6 Rb2+ 58. Kc6 Kb8 59. Rxf3
Rh2 60. Rf8+ Ka7 61. Rd8 Rc2 62. Rd1 Kb8 63. Rb1+ Kc8 64. Kb6 Kb8 1/2-1/2

[Event "Capablanca Memorial Elite 50th"]
[Site "Havana"]
[Date "2015.06.23"]
[Round "8"]
[White "Yu, Yangyi"]
[Black "Dominguez Perez, Leinier"]
[Result "1-0"]
[WhiteElo "2715"]
[BlackElo "2746"]
[Annotator "Yu,Yangyi"]
[PlyCount "97"]
[EventDate "2015.06.15"]
[EventType "tourn"]
[EventRounds "10"]
[EventCountry "CUB"]
[EventCategory "19"]
[SourceTitle "CBM 167"]
[Source "ChessBase"]
[SourceDate "2015.07.13"]
[SourceVersion "1"]
[SourceVersionDate "2015.07.13"]
[SourceQuality "1"]

{Prior to this game in round 8, I was leading the field by a one point margin.
Having just played with Black three times in a row, I was going to have the
white pieces in two of the last three rounds. In these two games with White I
wanted to play aggressively.} 1. e4 c5 {I have to admit that I did not prepare
myself extensively for this game and was actually expecting 1...e5. My
opponent had lost his previous game, so I thought he would pursue a balanced
type of position in our game.} 2. Nf3 d6 3. d4 cxd4 4. Nxd4 Nf6 5. Nc3 a6 6.
Be3 Ng4 7. Bc1 Nf6 8. Be3 Ng4 9. Bc1 Nc6 10. h3 Nf6 11. g4 Qb6 12. Nb3 e6 13.
g5 Nd7 14. Bf4 $1 $146 {I analyzed this novelty during a training session in
Beijing. However, I did not look at this line before the game and had to
recall the right moves at the board.} Qc7 (14... Nce5 $6 15. Be3 Qc7 16. f4 Nc4
17. Bxc4 Qxc4 18. Qf3 $16) 15. Qd2 b5 16. O-O-O Nce5 17. Bg3 Rb8 18. f4 Nc4 19.
Bxc4 ({Apart from the combative 19.Bxc4, White can also simply try to take
advantage of the fact that Black is lagging behind in development.} 19. Qd4 $5
Ndb6 20. Nd2 $1 (20. a4 $5 b4 21. Na2 a5 22. Nxb4 axb4 23. a5 Nxa5 24. Nxa5 Nd7
25. Nb3 e5 $13) 20... Nxd2 (20... Na5 21. Bd3 Nc6 22. Qe3 $14) 21. Rxd2 h6 22.
g6 $1 fxg6 23. e5 d5 24. Bd3 $40 g5 25. fxg5 Bc5 26. Qg4 h5 (26... Be3 27. gxh6
) 27. Qf3) 19... bxc4 20. Nd4 Nc5 21. Rhe1 $40 {[%csl Re8][%cal Gd4f5,Gc3d5,
Gf4f5] Up to this point I had used only a little time because I have had
similar positions before. My opponent seemed to be less familiar with the
territory. He tried to play cautiously and was far behind on the clock. This
is a fairly typical Sicilian position where White has a number of options such
as f5, Nd5, Nf5 to exert pressure. In practice Black will always have to
defend very accurately in this kind of positions.} Qb6 22. b3 cxb3 (22... Bd7
23. f5 e5 24. Nd5 Qb7 (24... Nd3+ 25. cxd3 Qxd4 26. Qb2 $14) 25. Qa5 $1 Rc8 (
25... exd4 26. e5 Qxd5 27. exd6+ Be6 28. d7+ $16) 26. bxc4 Na4 (26... exd4 27.
e5 $18) 27. Nb3 Rxc4 28. Rd3 $40) (22... Be7 23. Kb1 $1 (23. f5 Nd3+ 24. cxd3
Qxd4 25. dxc4 Bxg5 26. Qxg5 Qxc3+ 27. Kb1 Rxb3+ $11) 23... O-O (23... a5 24.
Ndb5) 24. f5 $40) 23. axb3 Bb7 24. f5 Rc8 25. Kb1 Be7 26. f6 $1 {White's
pieces are very well coordinated here. The black king does not feel very safe.
It's the ideal time to open up the position and to try striking a tactical
blow.} gxf6 27. gxf6 Bf8 {Played after 30mins.} ({If} 27... Bxf6 {White can
play} 28. e5 dxe5 29. Bxe5 Bxe5 30. Rxe5 Rd8 31. Qf2 $1 $18 Nd7 32. Na4 Qd6 (
32... Qc7 33. Rxe6+ fxe6 34. Nxe6 $18) 33. Ree1 $18 {White is a pawn down but
has strong compensation. Black's king won't have much breathing space.}) 28.
Qe3 $1 $16 {[%cal Gd4f5,Gc3d5]} Nd7 (28... Qb4 {This was the move I had been
concerned about when considering 28.Qe3. But then I saw that after} 29. Nf5 $1
Nxb3 {White has} (29... exf5 30. exf5+ Kd7 31. Qe7+ $1 $18) 30. Na2 $1 $16 Nd2+
31. Ka1 Qxe4 32. Nxd6+ $1 Bxd6 33. Qxd2 Rxc2 34. Qa5 $1 (34. Qxd6 Rxa2+ 35.
Kxa2 Qc2+ $11) 34... Rc5 (34... Qc4 35. Rxd6 Rxa2+ 36. Qxa2 Qc3+ 37. Qb2 Qa5+
38. Kb1 Qf5+ 39. Kc1 Qc5+ 40. Kd1 $18) 35. Qb6 $18) (28... Qa5 {Like 28...Qb4
this move also seems to hamper the activity of White's queen by tying it up to
the defence of the 3rd rank. But White can respond with a strong and typical
piece sacrifice.} 29. Nd5 $1 (29. Nf5 Nxb3) 29... exd5 30. exd5+ Kd7 31. Ne6 $1
$40 fxe6 32. dxe6+ Kc7 33. e7 Bxe7 34. Qxe7+ Kb8 35. Bxd6+ Ka8 36. Re5 Qd8 37.
f7 Nd7 38. Re6 $18) 29. Nd5 $1 Qc5 ({Accepting the sacrifice would give White
too many tactical opportunities.} 29... exd5 30. exd5+ Ne5 31. Qg5 $5 (31. Bxe5
dxe5 32. Qxe5+ Kd7 33. d6 Qc5 34. Qe2 $1 Bxd6 35. Nf5 Bd5 36. Rxd5 Qxd5 37. Rd1
$18) 31... Kd7 32. Ne6 $1 $18 fxe6 33. dxe6+ Kxe6 34. Qg4+ Kf7 35. Rxe5 $18)
30. Nxe6 $3 {A beautiful double-knight sacrifice. After three strong moves in
a row White has a decisive advantage.} Qxe3 (30... fxe6 31. f7+ Kxf7 32. Qf3+
$18) (30... Qxc2+ {I spent a long time calculating this line when considering
29.Nd5. When I saw} 31. Ka1 fxe6 32. f7+ Kxf7 33. Qf3+ Kg8 34. Qg4+ Bg7+ 35.
Nf6+ $3 $18 {I realised White would end up with a decisive edge.} Kf7 (35...
Nxf6 36. Qxe6+ Kf8 37. Bxd6#) 36. Qh5+ Ke7 37. Bxd6+ Kd8 38. Qa5+ Rc7 39. Bxc7+
Kc8 40. Rc1 $18) 31. Ng7+ Bxg7 32. fxg7 Qxb3+ 33. cxb3 Rg8 34. Ne3 Bxe4+ 35.
Ka1 $6 {After trading a couple of pieces, White ends up with the better
position. But this move is slightly inaccurate.} ({A better one was} 35. Kb2 $1
Kd8 36. Bh4+ Kc7 37. Rc1+ Kb8 38. Rxc8+ Kxc8 39. Rc1+ Kb7 (39... Kb8 40. Be7
$18) 40. Nc4 $18) 35... Kd8 36. Nc4 $6 {Both players had little time left. In
time trouble I again did not find the most accurate move.} (36. Bh4+ $1 Kc7 37.
Rc1+ Kb8 38. Rxc8+ Kxc8 39. Rc1+) 36... d5 37. Nd6 Rxg7 38. Rxd5 Rxg3 {In
mutual time trouble it was impossible to calculate all possible lines. Black
opted for the simplest and most obvious move.} ({Maybe it would have been
better to play} 38... Bxd5 39. Re8+ Kc7 40. Rxc8+ Kb6 41. Bf2+ Ka5 42. Rc7 Rg2
43. Bd4 Kb4 44. Rxd7 Kxb3 45. Nb7 Rc2 $14) 39. Nxe4 Rg6 $2 {In extreme time
pressure Black missed the last chance to draw.} (39... Rf3 $1 {would have
offered good drawing chances.} 40. Red1 (40. Nd6 Rcc3) 40... Rc7 41. Nc5 Rxc5
42. Rxc5 Rxb3 43. Rc6 a5 $14) 40. Red1 Rc7 41. Nc5 $18 {After I had survived
the time control, it was not too difficult to win this position.} Rxc5 42. Rxc5
Rb6 43. Kb2 Rb7 44. Rc6 Ke7 45. Ka3 f5 46. Rd4 Ne5 47. Rxa6 Ng6 48. h4 Nf8 49.
Rd5 1-0